Kombinované organicko-anorganické adsorbenty - perspektivné materiály pre ochranu vôd

Bibliographic Details
Main Authors: Chmielewská, Eva (Author), Jesenák, Karol, 1951- (Author), Gáplovská, Katarína, 1950- (Author), Sabová, Lenka, 1981- (Author)
Format: Article
Language:Slovak

MARC

LEADER 00000naa a2200000uu 4500
001 vtls011058347
003 SK-MaSNL
005 20260425203703.0
008 210909|2007 xo |||||||||||||||||slo|
015 |a SNBRA 
035 |a (urnnbn)urn:nbn:sk:snk:ar-a0c0jb 
035 |a (uuid)4ab96a68-eb67-41ab-a6e4-dde996dfa3c5 
035 |a urn:nbn:sk:snk-aav74c 
040 |a SNKBUCL  |b slo  |c SNKBUCL  |e AACR2 
041 0 |a slo 
044 |a xo  |c SK 
100 1 |a Chmielewská, Eva  |4 aut  |9 775497 
245 1 0 |a Kombinované organicko-anorganické adsorbenty - perspektivné materiály pre ochranu vôd  |c Eva Chmielewská, Karol Jesenák, Katarína Gáplovská, Lenka Sabová 
700 1 |a Jesenák, Karol,  |d 1951-  |4 aut  |9 190437 
700 1 |a Gáplovská, Katarína,  |d 1950-  |4 aut  |9 1637625 
700 1 |a Sabová, Lenka,  |d 1981-  |4 aut  |9 236216 
773 0 |t Pitná voda  |d S.l : s.n.], 2007  |g S. 313-319 
958 |a OND 
958 |a article12 
958 |a chapter 
999 |c 1332016  |d 1333946